|
|
|
|
| LEADER |
00000nab a2200000ua 4500 |
| 001 |
vtls010847608 |
| 003 |
SK-MaSNL |
| 005 |
20260303140014.0 |
| 008 |
230218s1971 xo |||||||||||||||||eng| |
| 035 |
|
|
|a (urnnbn)urn:nbn:sk:snk:ar-a077ec
|
| 035 |
|
|
|a urn:nbn:sk:snk-ab68qc
|
| 035 |
|
|
|a (uuid)9fd561b9-0f77-48d4-b5b9-23d35258c167
|
| 040 |
|
|
|a SNKBUCL
|b slo
|c SNKBUCL
|e AACR2
|
| 041 |
0 |
|
|a eng
|
| 044 |
|
|
|a xo
|c SK
|
| 100 |
1 |
|
|a Georgieva, Ivanička
|4 aut
|9 1157949
|
| 245 |
1 |
4 |
|a The Bulgarian Kinship System
|c Ivanička Georgieva
|
| 773 |
0 |
|
|t Ethnologia slavica : zborník Filozofickej fakulty Univerzity Komenského
|g Roč. 3, č. 3 (1971), s. 151-157
|
| 958 |
|
|
|a OND
|
| 958 |
|
|
|a EUIPO
|
| 958 |
|
|
|a article5
|
| 999 |
|
|
|c 1969080
|d 1971010
|